Design of concrete structures / (Record no. 99976)

MARC details
000 -LEADER
fixed length control field 00839nam a22002657a 4500
005 - DATE AND TIME OF LATEST TRANSACTION
control field 20160519114805.0
010 ## - LCCN (DPL NO)
LC control number ENG-115111
020 ## - INTERNATIONAL STANDARD BOOK NUMBER
International Standard Book Number 9789352601981
Terms of availability 750.00
020 ## - INTERNATIONAL STANDARD BOOK NUMBER
International Standard Book Number 935260198X
Terms of availability 750.00
035 ## - SYSTEM CONTROL NUMBER
System control number EN-98643
037 ## - SOURCE OF ACQUISITION
Source of stock number/acquisition DBAD/PUB
082 ## - DEWEY DECIMAL CLASSIFICATION NUMBER
Classification number 624.1834
100 ## - MAIN ENTRY--PERSONAL NAME
Personal name Darwin, David
245 ## - TITLE STATEMENT
Title Design of concrete structures /
Statement of responsibility, etc by David Darwin,Charles W. Dolan [and] Arthur H. Nilson
250 ## - EDITION STATEMENT
Edition statement 15th ed
260 ## - PUBLICATION, DISTRIBUTION, ETC. (IMPRINT)
Place of publication, distribution, etc New Delhi,
Name of publisher, distributor, etc McGraw Hill Education
Date of publication, distribution, etc 2016
270 ## - ADDRESS
Address P-24,Green Park Extension
City New Delhi
Postal code 110016
300 ## - PHYSICAL DESCRIPTION
Extent xiv,786p.:
Other physical details ill.
Dimensions 27cm(pbk)
500 ## - GENERAL NOTE
General note Includes index
650 ## - SUBJECT ADDED ENTRY--TOPICAL TERM
Topical term or geographic name as entry element Reinforced concrete construction.
650 ## - SUBJECT ADDED ENTRY--TOPICAL TERM
Topical term or geographic name as entry element Prestressed concrete construction.
700 ## - ADDED ENTRY--PERSONAL NAME
Personal name Dolan, Charles W.
700 ## - ADDED ENTRY--PERSONAL NAME
Personal name Nilson, Arthur H.
942 ## - ADDED ENTRY ELEMENTS (KOHA)
Source of classification or shelving scheme Dewey Decimal Classification
Item type English Books
Call number suffix DAR
Classification part 624.1834
Holdings
Withdrawn status Lost status Not for loan Collection code Home library Current library Date acquired Source of acquisition Cost, normal purchase price Full call number Barcode Copy number Cost, replacement price Koha item type
    Not For Loan Non-fiction D.B.Act.Division Bawana 16/05/2016 DBAD/PUB 750.00 624.1834 DAR EN-98643 1 750.00 English Books

© Delhi Public Library
Hit Counter
free hit counter